| 000 | 00387nam a2200157Ia 4500 | ||
|---|---|---|---|
| 008 | 230524s9999 xx 000 0 und d | ||
| 020 | _a8122400086 | ||
| 082 |
_a621.382 _bGUL |
||
| 100 | _aR.R.Gulati | ||
| 245 | 0 | _aColour Television Principles and Practice | |
| 260 |
_aNEW DELHI _bNAI _c2002 |
||
| 300 | _a557 | ||
| 500 | _aQuantity Number: 2 | ||
| 650 | _aElectronics | ||
| 942 | _cBK | ||
| 999 |
_c5107 _d5107 |
||